000 00471cam a22001934a 4500
005 20250605164252.0
008 250528s ||||||||||||||||||||||||d
035 _a21771
020 _a9789608065888
040 _aGR-AtMCL
_bgre
_dGR-AtMCL
_eAACR2
245 1 _aΧΩΡΟΣ ΓΙΑ ΔΥΟ
250 _a1
260 _bΖυγός,
_c2012
300 _a192
700 1 _aΤσοκαλιδου Ρουλα
_95959
942 _cBK
999 _c6830
_d6830